| 000 | 00000nam##2200000za#4500 |
| 001 | 9.590990 |
| 003 | CaOODSP |
| 005 | 20250403104946 |
| 007 | cr ||||||||||| |
| 008 | 150406|2001||||xxc|||||o f|0| 0 fre|d |
| 020 | |a0-662-86392-5 |
| 022 | |a1205-9161 |
| 040 | |aCaOODSP|bfre |
| 043 | |an-cn--- |
| 086 | 1 |aCS11-0019/178F-IN |
| 245 | 03|aLe rendement scolaire des enfants d'immigrants au Canada, 1994-98 / |h[ressource électronique]|cpar Christopher Worswick. |
| 260 | |aOttawa - Ontario : |bStatistique Canada |cLe 14 novembre 2001. |
| 300 | |a36p.|bgraphiques, références, tableaux |
| 490 | 1 |aDocuments de recherche - Direction des études analytiques|x1205-9161|vN° 178 |
| 520 | 3 |a« Le rendement scolaire des enfants d'immigrants dans le réseau d'enseignement du Canada est analysé à l'aide des données des trois premiers cycles de l'Enquête longitudinale nationale sur les enfants et les jeunes. Le rendement scolaire est mesuré sous l'angle des capacités de lecture et de rédaction, des aptitudes en mathématiques et des aptitudes globales »--Résumé |
| 590 | |a12-37-Supp|b2012-09-24 |
| 710 | 2 |aStatistique Canada. |
| 720 | 1 |aWorswick, Christopher |
| 775 | 08|tSchool performance of the children of immigrants in Canada, 1994-98 / |w(CaOODSP)9.557994 |
| 776 | 0#|tLe rendement scolaire des enfants d'immigrants au Canada, 1994-98 / |w(CaOODSP)9.625832 |
| 830 | #0|aDocuments de recherche (Statistique Canada. Direction des études analytiques)|x1205-9161|vN° 178|w(CaOODSP)9.500842 |
| 856 | 40|ahttp://publications.gc.ca|qPDF|s308 Ko|uhttps://publications.gc.ca/collections/Collection/CS11-0019-178F.pdf|yN° 178 |